[Event "XXVI Torneo A di Capodanno"]
[Site "Reggio nell'Emilia ITA"]
[Date "1983.12.26"]
[Round "3"]
[White "Bouaziz, Slim"]
[Black "Hulak, Krunoslav"]
[Result "0-1"]
[WhiteElo "2390"]
[BlackElo "2530"]
[PlyCount "97"]
[EventDate "1983.12.24"]

1. e4 c5 2. Nf3 d6 3. d4 cxd4 4. Nxd4 Nf6 5. Nc3 a6 6. Bg5 e6 7. f4 Qb6 8. Qd2
Qxb2 9. Rb1 Qa3 10. f5 Nc6 11. fxe6 fxe6 12. Nxc6 bxc6 13. e5 Nd5 14. Nxd5 cxd5
15. Be2 dxe5 16. O-O Ra7 17. c4 Qc5+ 18. Kh1 d4 19. Bh5+ g6 20. Bd1 Be7 21.
Ba4+ Kd8 22. Rf7 h6 23. Bxh6 e4 24. h3 e5 25. Bg5 e3 26. Bxe3 Rb7 27. Rd1 Bg4
28. Re1 Kc8 29. Bg1 Bf5 30. Bh2 e4 31. Rxe7 Rxe7 32. Qf4 Qb4 33. Rg1 Rd8 34. g4
Qxa4 35. gxf5 Qc6 36. Rxg6 Qb7 37. c5 e3+ 38. c6 Qb1+ 39. Rg1 Qb5 40. f6 Qxc6+
41. Rg2 Rf7 42. Bg3 Rxf6 43. Qb8+ Kd7 44. Qa7+ Ke6 45. Qg7 Qe4 46. Kh2 d3 47.
Rb2 Qd4 48. Rb7 Rf2+ 49. Bxf2 0-1

[Event "XXVI Torneo A di Capodanno"]
[Site "Reggio nell'Emilia ITA"]
[Date "1983.12.28"]
[Round "5"]
[White "Bouaziz, Slim"]
[Black "Spassky, Boris V."]
[Result "1/2-1/2"]
[WhiteElo "2390"]
[BlackElo "2605"]
[PlyCount "41"]
[EventDate "1983.12.24"]

1. e4 e5 2. Nf3 Nc6 3. Bb5 a6 4. Ba4 Nf6 5. O-O Be7 6. Re1 b5 7. Bb3 d6 8. c3
O-O 9. h3 Nb8 10. d4 Nbd7 11. Nbd2 Bb7 12. Bc2 Re8 13. Nf1 d5 14. exd5 exd4 15.
Nxd4 Nxd5 16. Nf5 Bf6 17. N1e3 Ne5 18. Nxd5 Qxd5 19. Qxd5 Bxd5 20. Bf4 Nc4 21.
Ne3 1/2-1/2

[Event "XXVI Torneo A di Capodanno"]
[Site "Reggio nell'Emilia ITA"]
[Date "1983.12.28"]
[Round "6"]
[White "Vukic, Milan"]
[Black "Bouaziz, Slim"]
[Result "1/2-1/2"]
[WhiteElo "2470"]
[BlackElo "2390"]
[PlyCount "94"]
[EventDate "1983.12.24"]

1. Nf3 Nf6 2. g3 g6 3. b3 Bg7 4. Bb2 O-O 5. Bg2 d6 6. d4 Nbd7 7. O-O e5 8. dxe5
Ng4 9. Qd2 Ngxe5 10. Nxe5 Nxe5 11. c4 Rb8 12. Nc3 a6 13. Rad1 Be6 14. Nd5 b5
15. cxb5 axb5 16. Rc1 Bxd5 17. Bxd5 b4 18. Rfd1 Rb6 19. Kg2 Qb8 20. h4 Ra6 21.
Bxe5 dxe5 22. Qc2 Bh6 23. e3 c5 24. Rd2 Ra5 25. h5 Kg7 26. Rh1 Bg5 27. Qd1 Qc8
28. Rc2 Qd7 29. Rd2 Rd8 30. hxg6 hxg6 31. Qc2 Qe7 32. Rhd1 Ra6 33. Qc4 Ra7 34.
Rc2 Ra5 35. Rh1 f5 36. e4 f4 37. Qe2 Qd7 38. Qf3 Rh8 39. Rxh8 Kxh8 40. Rc1 Kg7
41. Rh1 Rxa2 42. g4 Rc2 43. Qh3 f3+ 44. Qxf3 Rc3 45. Qe2 Rc1 46. Rxc1 Bxc1 47.
f3 Qe7 1/2-1/2

[Event "XXVI Torneo A di Capodanno"]
[Site "Reggio nell'Emilia ITA"]
[Date "1983.12.29"]
[Round "7"]
[White "Bouaziz, Slim"]
[Black "Formanek, Edward W."]
[Result "1/2-1/2"]
[WhiteElo "2390"]
[BlackElo "2325"]
[PlyCount "64"]
[EventDate "1983.12.24"]

1. e4 e5 2. Nf3 Nc6 3. Bb5 f5 4. Nc3 fxe4 5. Nxe4 d5 6. Nxe5 dxe4 7. Nxc6 Qd5
8. c4 Qd6 9. Nxa7+ Bd7 10. Bxd7+ Qxd7 11. Qh5+ g6 12. Qe5+ Kf7 13. Nb5 c6 14.
Qd4 Qxd4 15. Nxd4 Bg7 16. Ne2 Ra4 17. Nc3 Rxc4 18. O-O Nf6 19. f3 exf3 20. d3
Rd4 21. Rxf3 Rhd8 22. Bg5 Rxd3 23. Rf2 Re8 24. Raf1 Rd6 25. Rf4 h6 26. Bxf6
Rxf6 27. Rb4 Rxf1+ 28. Kxf1 b5 29. a4 Bxc3 30. bxc3 Re3 31. axb5 cxb5 32. Rxb5
Rxc3 1/2-1/2

[Event "XXVI Torneo A di Capodanno"]
[Site "Reggio nell'Emilia ITA"]
[Date "1983.01.31"]
[Round "8"]
[White "Formanek, Edward W."]
[Black "Hulak, Krunoslav"]
[Result "0-1"]
[WhiteElo "2325"]
[BlackElo "2530"]
[PlyCount "96"]
[EventDate "1983.12.24"]

1. d4 Nf6 2. c4 e6 3. Nc3 Bb4 4. e3 c5 5. Nge2 d5 6. a3 cxd4 7. Nxd4 Bxc3+ 8.
bxc3 O-O 9. cxd5 Qxd5 10. c4 Qg5 11. h4 Qc5 12. Qc2 e5 13. Nf3 Nc6 14. Bb2 Rd8
15. Nd2 Be6 16. Be2 Rac8 17. Rc1 Na5 18. Nb3 Nxb3 19. Qxb3 Ne4 20. Qb5 Qxb5 21.
cxb5 Rxc1+ 22. Bxc1 Rc8 23. Bb2 f6 24. Bd3 Nc5 25. Bc2 Bc4 26. a4 Bb3 27. Bxb3+
Nxb3 28. O-O Rc2 29. Ba3 Ra2 30. Bd6 Rxa4 31. h5 Kf7 32. Rb1 Ra1 33. Rxa1 Nxa1
34. Bc5 b6 35. Bd6 Nb3 36. g4 Ke6 37. Bb8 Nc5 38. Kg2 Nd7 39. Bxa7 Kd5 40. Kf3
g5 41. hxg6 hxg6 42. e4+ Ke6 43. Ke3 Kd6 44. g5 Kc7 45. Kf3 Kb7 46. Bxb6 Kxb6
47. Kg4 fxg5 48. Kxg5 Nc5 0-1

[Event "XXVI Torneo A di Capodanno"]
[Site "Reggio nell'Emilia ITA"]
[Date "1984.01.01"]
[Round "9"]
[White "Bouaziz, Slim"]
[Black "Rogers, Ian"]
[Result "1-0"]
[WhiteElo "2390"]
[BlackElo "2450"]
[PlyCount "131"]
[EventDate "1983.12.24"]

1. e4 d5 2. exd5 Qxd5 3. Nc3 Qa5 4. d4 Nf6 5. Nf3 c6 6. Bc4 Bg4 7. h3 Bh5 8. g4
Bg6 9. Qe2 e6 10. Bd2 Bb4 11. O-O Nbd7 12. a3 Bxc3 13. Bxc3 Qc7 14. Ne5 Nxe5
15. dxe5 Ne4 16. Qe3 Nxc3 17. Qxc3 h5 18. g5 O-O-O 19. Rfd1 Bf5 20. h4 Be4 21.
f3 Bf5 22. Kg2 Kb8 23. Be2 Rd5 24. Rxd5 exd5 25. Re1 Re8 26. Bd3 Be6 27. b4 Rd8
28. Qd4 Qc8 29. Rd1 Re8 30. Re1 Qc7 31. Re2 g6 32. Rf2 b6 33. c3 Bc8 34. f4 Bb7
35. Be2 Re7 36. Bf3 Qd7 37. Kg3 Qe6 38. a4 Rc7 39. a5 Bc8 40. Rh2 bxa5 41. bxa5
Rb7 42. Qc5 Rb5 43. Qd6+ Qxd6 44. exd6 Rb3 45. Re2 Be6 46. f5 Bxf5 47. Re8+ Kb7
48. Re7+ Kc8 49. Rxf7 Rxc3 50. Rxf5 gxf5 51. g6 Re3 52. Kf4 Re8 53. Kg5 Kd7 54.
g7 d4 55. Bxh5 Rg8 56. Kf6 d3 57. Bf3 c5 58. h5 Rxg7 59. Kxg7 c4 60. h6 c3 61.
h7 c2 62. h8=Q c1=Q 63. Qf8 Qe3 64. Qxf5+ Kxd6 65. Qd5+ Ke7 66. Bg4 1-0

[Event "XXVI Torneo A di Capodanno"]
[Site "Reggio nell'Emilia ITA"]
[Date "1984.01.02"]
[Round "10"]
[White "Tatai, Stefano"]
[Black "Bouaziz, Slim"]
[Result "1-0"]
[WhiteElo "2440"]
[BlackElo "2390"]
[PlyCount "65"]
[EventDate "1983.12.24"]

1. Nf3 g6 2. d4 Bg7 3. g3 Nf6 4. Bg2 O-O 5. O-O d6 6. c4 Nc6 7. Nc3 a6 8. b3
Rb8 9. Bb2 b5 10. d5 Na5 11. cxb5 axb5 12. Rc1 e5 13. dxe6 fxe6 14. Qc2 b4 15.
Ne4 Nxe4 16. Bxg7 Kxg7 17. Qxe4 e5 18. Rfd1 Bd7 19. Qh4 Qxh4 20. gxh4 Rfc8 21.
Nxe5 Be6 22. Nd3 Rb5 23. Nf4 Bd7 24. Nd5 c5 25. Ne3 Rb6 26. Rd2 Be6 27. Bd5
Bxd5 28. Rxd5 Nb7 29. h5 Ra6 30. Rc2 Rca8 31. Rdd2 g5 32. Nd5 Rf8 33. Nc7 1-0